书目信息 |
| 书名: | A Gift of love | |
| 作者: | Judith McNaught; Jude Deveraux; Kimberly Cates; Andrea Kane; Judith O'Brien; et al | |
| 分册号: | ||
| 分册名: | 出版地: | New York |
|
| 出版社: | Pocket Books | |
| 出版时间: | 1995 | |
| 页数: | 426P | |
| 开本: | 16CM | |
| 丛书名: | ||
| 中图分类号: | ||
| 科图分类号: | ||
| 其他分类号: | I712.4 | |
| 主题词: | ||
| 电子资源: | ||
| 000 | 00432nam0 2200133 450 | |
| 001 | 202012002457 | |
| 005 | 20121128085851.0 | |
| 008 | 12112801s | |
| 020 | @a9780671536619@c$7.99 | |
| 099 | @dI712.4@eJ929 | |
| 245 | @aA Gift of love @cJudith McNaught; Jude Deveraux; Kimberly Cates; Andrea Kane; Judith O'Brien; et al | |
| 260 | 0 | @aNew York@bPocket Books@c1995 |
| 300 | @a426P@c16CM | |
| 905 | @aTSG@b12975-6@dI712.4@eJ929 | |
| A Gift of love / Judith McNaught; Jude Deveraux; Kimberly Cates; Andrea Kane; Judith O'Brien; et al.-New York : Pocket Books , 1995 |
| 426P ; 16CM |
| ISBN 9780671536619$7.99 |
| ● |
| 相关链接 |
|
|
|
正题名:A Gift of love
索取号:I712.4/J929
 
预约/预借
| 序号 | 登录号 | 条形码 | 馆藏地/架位号 | 状态 | 备注 |
| 1 | 12975 | 300129750 | 文学库116/400A自科库 19排1列5层/ [索取号:I712.4/J929] | 在馆 | |
| 2 | 12976 | 300129769 | 文学库116/400A自科库 19排1列5层/ [索取号:I712.4/J929] | 在馆 |